CRC handbook of modern telecommunications (Record no. 140857)

MARC details
000 -LEADER
fixed length control field 00751nam a2200229Ia 4500
008 - FIXED-LENGTH DATA ELEMENTS--GENERAL INFORMATION
fixed length control field 191130s2010##################000#0#eng##
020 ## - INTERNATIONAL STANDARD BOOK NUMBER
ISBN 9781420078008
082 ## - DEWEY DECIMAL CLASSIFICATION NUMBER
Classification number 621.382 MOR
245 ## - TITLE STATEMENT
Title CRC handbook of modern telecommunications
Statement of responsibility, etc edited by Patricia Morreale, Kornel Terplan
250 ## - EDITION STATEMENT
Edition statement 2nd ed
260 ## - PUBLICATION, DISTRIBUTION, ETC. (IMPRINT)
Place of publication Boca Raton, FL
Name of publisher CRC Press, Taylor and Francis
Year of publication 2010
300 ## - PHYSICAL DESCRIPTION
Number of Pages 1 v. (various pagings) : ill. ; 27 cm
500 ## - GENERAL NOTE
General note Includes bibliographical reference and index
650 ## - SUBJECT ADDED ENTRY--TOPICAL TERM
Topical Term Telecommunication - Handbooks, manuals, etc
700 ## - ADDED ENTRY--PERSONAL NAME
Personal name Morreale, Patricia
Personal name Terplan, Kornel
991 ## -
-- 195766
Holdings
Withdrawn status Lost status Damaged status Not for loan Home library Current library Shelving location Date acquired Full call number Accession Number Price effective from Koha item type
        Anna Centenary Library Anna Centenary Library 6TH FLOOR, A WING 12.10.2020 621.382 MOR 150236 12.10.2020 English Books

Find us on the map